Score 0/25 Timer 20:00
0 Plays Today
Question Answer Wrong Answers
Triton announced the arrival of Poseidon
100%
Athena
0%
Hera
0%
Zeus
0%
Other than the three major goddesses involved, which deity is often depicted in paintings of the judgment of paris Hermes
100%
Apollo
0%
Demeter
0%
Zeus
0%
Artistic representations of the Labors of Psyche often show her with all the following except fruit
100%
fleece
0%
grain
0%
water
0%
Cupid was known to carry two types of arrows - one that inspired love, and another that inspired disguist
100%
empathy
0%
sexual passion
0%
sympathy
0%
Eris wrecked the wedding of Peleus and ____ with the golden apple. Thetis
100%
Camilla
0%
Leda
0%
Nephele
0%
_____ caught his wife in an act of infidelity and exposed it to the other gods Vulcan
100%
Jupiter
0%
Neptune
0%
Pluto
0%
_____ was born from his mother as she turned into a tree Adonis
100%
Ganymede
0%
Paris
0%
Priapus
0%
Zeus turned _____ into a cow in order to hide his infidelity from Hera Io
100%
Leda
0%
Leto
0%
Semele
0%
Hestia gave up her spot on Mt. Olympus to _____ Dionysus
100%
Apollo
0%
Athena
0%
Hermes
0%
The primary role of the _____ is to punish mortals for Familial violence. Furies
100%
Fates
0%
Graeae
0%
Muses
0%
Aphrodite ordered Cupid to punish ____ because of her beauty; however, he fell in love with her Psyche
100%
Helen
0%
Medusa
0%
Persephone
0%
The three goddess who are personifications of beauty and often attend to aphrodite are known as the Graces
100%
Fates
0%
Graeae
0%
Horae
0%
Neptune had authority over all of the following areas except prophecy
100%
city walls
0%
earthquakes
0%
horses
0%
All of the following goddesses had children except for Hestia
100%
Aphrodite
0%
Demeter
0%
Hera
0%
The Eleusian Mysteries are strongly tied to the worship of Demeter
100%
Aphrotite
0%
Hera
0%
Hestia
0%
The punishment for a Vestal Virgin convicted of breaking her vow of chastity was burning
66.7%
crucifixtion
0%
drowning
0%
live burial
33.3%
According to Hesiod, ______ created mankind at the inception of the Iron Age. Prometheus
66.7%
Cronus
0%
Uranus
0%
Zeus
33.3%
Which of the following groups was not entrapped in the womb of their mother by Uranus Giants
66.7%
Cyclops
0%
Hecatonchires
0%
Titans
33.3%
All of the following deities were associated with the sea except Proteus
66.7%
Amphitrite
0%
Nereus
0%
Serapis
33.3%
Which of the following items was not commonlt used to identify depictions of Ceres? staff
66.7%
cornucopia
0%
heavy garments
0%
torch
33.3%
The mother of Helen was Leda
66.7%
Aphrodite
0%
Io
33.3%
Leto
0%
_______ was eternallt punished in the Underworld because of his lust for Hera Ixion
66.7%
Prometheus
0%
Tantalus
0%
Sisyphus
33.3%
Jupiter had authority over all the following areas except marriage
66.7%
hospitality
0%
law and justice
0%
weather
33.3%
The wicked King _____ was punished by Demeter for attacking her sacred trees Erysichthon
66.7%
Iacchus
0%
Iasion
0%
Triptolemos
33.3%
The biological father of Romulus and Remus was Mars
66.7%
Faustulus
33.3%
Jupiter
0%
Mercury
0%
Remove Ads.
Support Sporcle.
Get the best of Sporcle when you Go Orange. This ad-free experience offers more features, more stats, and more fun while also helping to support Sporcle. Thank you for becoming a member.

You're not logged in!

Compare scores with friends on all Sporcle quizzes.
OR
Log In

Show Comments

Extras

Created Dec 10, 2018ReportNominate
Tags:god, Here

Top Quizzes Today


Score Distribution

Your Account Isn't Verified!

In order to create a playlist on Sporcle, you need to verify the email address you used during registration. Go to your Sporcle Settings to finish the process.

Report this User

Report this user for behavior that violates our Community Guidelines.

Details: